| 000 | 01061nam a2200253 i 4500 | ||
|---|---|---|---|
| 001 | 182428 | ||
| 003 | ES-MaACL | ||
| 005 | 20250820063055.0 | ||
| 008 | 130814s1987 sp |||| | spa d | ||
| 017 |
_aM 6195-1987 _bOficina Depósito Legal Madrid |
||
| 080 | _a5/6(083.72) | ||
| 080 | _a62(083.72) | ||
| 110 | 1 |
_93635 _aEspaña. _bComisión Española de Cooperación con la Unesco _eisb |
|
| 245 | 0 | 0 |
_aNomenclatura internacional de la Unesco para los campos de ciencia y tecnología : _bsegunda versión en español / _cComisión Nacional de España Unesco |
| 260 |
_aMadrid : _bInstituto de Información y Documentación en Ciencia y Tecnología, _c[1987] |
||
| 300 |
_a45 páginas ; _c30 cm |
||
| 650 | 4 |
_aCiencias- _vNomenclatura _9153239 |
|
| 650 | 4 |
_aTecnología- _xNomenclatura. _9153240 |
|
| 710 | 2 |
_aInstituto de Información y Documentación en Ciencia y Tecnología (España) _eedt _9158899 |
|
| 852 | 4 |
_aES-MaACL _cDEPOF _j2324-F-11 |
|
| 942 |
_2udc _cFOLLETOS _n0 |
||
| 999 |
_c182428 _d182428 |
||